| 000 | 00639nam a22002057a 4500 | ||
|---|---|---|---|
| 003 | OSt | ||
| 005 | 20231114121900.0 | ||
| 008 | 231114b |||||||| |||| 00| 0 eng d | ||
| 020 | _a9780123738745 | ||
| 040 |
_cMUST _dMUST |
||
| 082 | _a001.42 RES 2007 | ||
| 100 |
_aPeter Laake _916851 |
||
| 245 | _aResearch Methodology in the Medical and Biological Sciences. | ||
| 260 |
_aNew York _bElsevier _c2007 |
||
| 300 |
_bxii,483p.ill. _c24cm. |
||
| 504 | _aindex | ||
| 651 |
_aResearch Methodology in the Medical and Biological Sciences. _916852 |
||
| 654 | _2Research Methodology in the Medical and Biological Sciences. | ||
| 942 |
_2ddc _cBOOK |
||
| 999 |
_c8242 _d8242 |
||